000 00578nam a22002057a 4500
003 OSt
005 20250920020003.0
008 160408b xxu||||| |||| 00| 0 eng d
020 _a0131277731
040 _cDDC
082 _a512.5 KOL 2005
100 _aKolman, Bernard; Hill, David R.
_97712
245 _aIntroductory Linear Algebra: an applied first course
250 _a8th ed.
260 _aNew Jersay; Pearson, 2005
300 _axx,111p; col.ill: 25cm
504 _aGlossary, answers, & index included
650 _aLinear algebra
_93634
942 _2ddc
_cO_SHELF
_01
999 _c3448
_d3448